01019naa#a2200205#i#4500001001500000005001700015011001400032100004100046101000800087102000700095200024900102210011400351215001000465608004500475675011100520700005400631700006600685700004800751856001400799RU\\bibl\8647020260513015524.3##a2073-0462##a20240914b2024####ek#y0rusy0150####ca0#aRUS##aRU1#aТРАНСФОРМАЦИЯ СЕКТОРА ГОСУДАРСТВЕННЫХ И МУНИЦИПАЛЬНЫХ ЗАКУПОК РОССИИ В УСЛОВИЯХ НОВОЙ ЭКОНОМИЧЕСКОЙ РЕАЛЬНОСТИeЖурнальная статья1#aКазаньcКазанский государственный аграрный университетd2024##a6 с.##aЖурнальная статья2local##aРегиональная экономика. Территориальная экономика. 332.1zRUS#1aСафиуллинgМарат Рашитович#1aГубайдуллинаgАсылъяр Ильдусовна#1aШараповgАзат Рафикович4#azh-szf.ru